[Event "Yingmei Cup CHN-chT 2017"]
[Site "Guangdong"]
[Date "2017.12.02"]
[Round "19"]
[White "Gu, Tianlu"]
[Black "Stefanova, Antoaneta"]
[Result "1-0"]
[WhiteElo "2187"]
[BlackElo "2506"]
[Annotator "TA"]
[PlyCount "93"]
[EventDate "2017.??.??"]
[EventCountry "CHN"]
[SourceTitle "playchess.com"]
[Source "ChessBase"]
[SourceQuality "1"]

{[%evp 18,93,57,54,93,60,68,63,70,20,68,27,47,30,46,48,68,46,52,54,63,34,35,27,83,75,112,126,102,74,77,70,103,17,113,0,0,0,148,148,156,147,137,137,166,170,165,175,300,300,301,302,306,304,280,182,181,179,312,199,189,195,314,290,506,496,494,384,394,377,952,901,1247,1132,1032,1029,871,840]} 1. d4 g6 2. e4 Bg7 3. Nf3 d6 4. Be2 Nf6 5. Nc3 a6 6. O-O O-O 7. h3 b5 {B08: Pirc Defence: Classical System} (7... Nc6 8. Be3 e5 9. dxe5 Nxe5 10. Nxe5 dxe5 11. Qxd8 Rxd8 12. Bc4 b5 13. Bb3 Bb7 14. f3 Bf8 15. a4 b4 16. Nb1 Nd7 17. Nd2 Bc5 18. Kf2 a5 19. Rfd1 Kg7 {1-0 (46) Carlsen,M (2868)-Svidler,P (2769) Stavanger 2013}) 8. e5 Ne8 9. a4 b4 10. Nd5 {LiveBook: 3 Games} Nc6 11. Bf4 Bb7 $146 ({Predecessor:} 11... f6 12. exf6 Nxf6 13. Nxf6+ exf6 14. d5 Ne5 15. Nd4 {1-0 (25) Petrosian,T (2332)-Stambulian,A (2408) Anapa 2012}) 12. Ne3 e6 13. Bg5 Ne7 14. Qe1 c5 15. Rd1 {Black must now prevent dxc5.} h6 16. Bh4 {dxc5 is the strong threat.} dxe5 17. dxe5 Qc7 18. Qd2 Bc6 19. Bxe7 Qxe7 20. Nc4 Qc7 (20... Nc7 $11) 21. a5 $16 Rb8 22. Qe3 Rb5 23. Ra1 Bd5 24. Nb6 c4 {[#]} 25. Rfd1 ({White should try} 25. Nd4 $1 $16 {[%cal Rd4b5]} Rc5 26. f4 (26. Nxd5 Rxd5 27. f4 Qc5 $11)) 25... Kh7 (25... Bxf3 $1 $11 {remains equal.} 26. Qxf3 Bxe5) 26. b3 (26. Bf1 $16) 26... Bxf3 $1 $11 27. Qxf3 Rxa5 (27... Rxe5 $11 28. Nd7 Nd6 29. Nxf8+ Bxf8) 28. Rxa5 $16 Qxb6 29. Ra4 $36 {[%mdl 2048] Keeping Black busy.} cxb3 30. cxb3 {And now Rd7 would win.} Nc7 31. Rd7 Kg8 32. Qe4 Nd5 (32... a5 $142 33. Bc4 Qc5) 33. Rxa6 $18 Qc5 34. Qc4 Qc8 35. Qxc8 Rxc8 36. Bc4 Bxe5 37. g3 Nc3 (37... Nf6 $142 38. Rb7 Rd8 39. Rxb4 Ne4) 38. Rb6 Ne4 39. Rxb4 {Hoping for Bxe6!} Bc3 (39... Nf6 $142) 40. Rbb7 Ng5 $2 (40... Ra8 41. b4 Rf8) 41. Kg2 Rf8 42. h4 Ne4 {intending ...Nc5.} 43. b4 Be1 $2 {[#]} (43... g5 44. hxg5 hxg5) 44. Bxe6 $1 {[%mdl 512] White is clearly winning.} Bxf2 (44... fxe6 45. Rg7+) 45. Bxf7+ Kh8 46. Bxg6 {White threatens Rh7+ and mate.} Nf6 47. Rf7 {Precision: White = 57%, Black = 34%.} 1-0

[Event "Yingmei Cup CHN-chT 2017"]
[Site "Guangdong"]
[Date "2017.12.03"]
[Round "20"]
[White "Grischuk, Alexander"]
[Black "Li, Yankai"]
[Result "1-0"]
[WhiteElo "2772"]
[BlackElo "2455"]
[Annotator "TA"]
[PlyCount "117"]
[EventDate "2017.??.??"]
[EventCountry "CHN"]
[SourceTitle "playchess.com"]
[Source "ChessBase"]
[SourceQuality "1"]

{[%evp 25,117,43,50,25,43,47,54,60,72,79,108,95,141,112,112,115,113,113,153,145,157,177,197,203,200,177,162,157,162,173,177,153,203,205,213,211,252,125,106,86,112,106,101,104,189,171,195,193,168,169,170,150,152,148,110,66,186,186,784,784,764,764,730,600,1029,598,1330,1018,1493,1235,4034,4018,3844,3506,1864,2045,1469,1262,3545,3473,1003,2750,2485,2553,2145,1905,2488,2335,29979,29980,29980,29981,29984,29985]} 1. Nf3 Nf6 2. g3 b6 3. d4 e6 4. Bg2 Bb7 5. c4 Be7 6. Nc3 O-O 7. Qc2 d5 8. cxd5 exd5 9. O-O Na6 10. Rd1 c5 11. Bf4 Qc8 12. Rac1 Rd8 13. a3 h6 {LiveBook: 5 Games} 14. h4 $146 {E16: Queen's Indian: 4 g3 Bb7 5 Bg2 Bb4+} ({Predecessor:} 14. Ne5 Qe6 15. Nb5 Bf8 16. Qb1 Qe8 17. a4 Qe6 18. h4 Ne4 19. Qd3 g5 20. hxg5 hxg5 21. Bd2 f6 {0-1 (37) Mateus,A (2234)-Ruiz Castillo,J (2350) Palmira 2017}) 14... Ne4 15. dxc5 Nxc3 16. Qxc3 {White is slightly better.} bxc5 17. b4 Bf6 18. Be5 Bxe5 19. Nxe5 {[%cal Rb4c5]} cxb4 20. Qd4 Qe6 21. axb4 {Hoping for b5.} Qd6 22. Qf4 f6 23. Nd3 {Threatens to win with Qxd6.} Qxf4 24. gxf4 Rac8 25. Ra1 Nc7 26. Rxa7 Bc6 27. Rc1 Nb5 28. Ra2 Bb7 29. Rxc8 Rxc8 30. Nc5 Bc6 31. e3 (31. Ra6 $18 Nc3 32. Bh3 Nxe2+ 33. Kf1) 31... d4 $16 32. Rd2 Bxg2 33. Kxg2 dxe3 34. fxe3 {[%mdl 4096] Endgame KRN-KRN} f5 (34... Rb8 $16 {was necessary.} 35. Rd3 Rb6) 35. Rd5 g6 36. h5 Nc3 {[#]} 37. Re5 $1 Kf7 38. Kf3 Rb8 39. hxg6+ Kxg6 40. Re6+ Kg7 (40... Kf7 $1 $14) 41. Rc6 $18 {And now Ne6+ would win.} Rxb4 $2 {[#]} (41... Ne4 42. Ne6+ Kf7) 42. Ne6+ $1 Kf7 43. Nd8+ ({Less strong is} 43. Rxc3 Kxe6 44. Rc6+ Ke7 $14) 43... Ke7 44. Rxc3 Kxd8 {KR-KR} 45. Rc5 Ke7 46. Rxf5 Rb6 47. e4 Rg6 48. Rh5 Kf7 49. f5 Ra6 50. Kf4 Kg7 51. Rh1 Ra2 52. Rg1+ Kf7 53. Rg6 Rf2+ 54. Kg3 Re2 55. Kf3 Rh2 56. e5 {[%cal Be4e5,Be5e6][%mdl 32]} h5 57. e6+ {White mates.} Ke7 58. Rg7+ Kf6 59. Rf7+ {Precision: White = 72%, Black = 32%.} 1-0

[Event "Yingmei Cup CHN-chT 2017"]
[Site "Guangdong"]
[Date "2017.12.03"]
[Round "20"]
[White "Yu, Yangyi"]
[Black "Wen, Yang"]
[Result "1-0"]
[WhiteElo "2743"]
[BlackElo "2600"]
[Annotator "TA"]
[PlyCount "69"]
[EventDate "2017.??.??"]
[EventCountry "CHN"]
[SourceTitle "playchess.com"]
[Source "ChessBase"]
[SourceQuality "1"]

{[%evp 23,69,-12,-9,-16,-6,-12,-2,-6,-10,-29,0,0,-7,0,-3,-14,-9,0,45,52,79,83,176,151,176,171,209,202,202,201,203,197,188,190,250,231,305,306,301,297,778,96,823,804,5065,5065,4133,2023]} 1. d4 d5 2. c4 c6 3. Nf3 Nf6 4. Nc3 e6 5. Bg5 h6 6. Bh4 dxc4 7. e4 g5 8. Bg3 b5 9. Be2 Bb7 10. Qc2 {D43: Semi-Slav: 5 Bg5 h6} Nbd7 11. Nd2 Qb6 12. Rd1 Be7 {LiveBook: 5 Games} 13. a4 a6 14. O-O h5 {[%cal Bh6h5,Bh5h4][%mdl 32]} 15. h3 h4 16. Bh2 $1 g4 $146 ({Predecessor:} 16... Nh5 17. b3 cxb3 18. Nxb3 {1-0 (31) Rodshtein,M (2678)-Lindgren,P (2418) Stockholm 2015}) 17. hxg4 h3 18. Bg3 hxg2 19. Kxg2 Rg8 20. f3 Rc8 21. Rh1 Ba8 22. Rh3 c5 (22... Bb7 $16 {is a better defense.}) 23. d5 $1 $18 exd5 24. exd5 Nxd5 25. Nxc4 $1 Qe6 {Threatens to win with ...Nxc3.} 26. axb5 {Black must now prevent Nxd5.} Nxc3 27. bxc3 {Hoping for Nd6+.} Rxg4 28. Qd2 Rd8 (28... Nf8 {was called for.}) 29. Qe3 $1 (29. Rh6 Nf6 $11) 29... axb5 {[#]} 30. Ne5 $1 {[%mdl 512]} Rxg3+ (30... Nxe5 31. Rh8+) 31. Rxg3 c4 $2 {[#]} (31... Bc6 32. Rg8+ Bf8) 32. Rg8+ $2 (32. Rxd7 $1 $18 {is the precise move to win.} Rxd7 33. Rg8+ Bf8 {[#]} 34. Ng6 $1 {[%mdl 512]}) 32... Bf8 $2 {[%mdl 8192]} (32... Nf8 $16) 33. Kf2 {White is clearly winning.} Bd5 {[#]} 34. Rxd5 $1 {[%mdl 512]} Qxd5 35. Nxc4+ $1 {Precision: White = 75%, Black = 32%.} 1-0

[Event "Yingmei Cup CHN-chT 2017"]
[Site "Guangdong"]
[Date "2017.12.03"]
[Round "20"]
[White "Wei, Yi"]
[Black "Ding, Liren"]
[Result "1/2-1/2"]
[WhiteElo "2740"]
[BlackElo "2772"]
[Annotator "TA"]
[PlyCount "55"]
[EventDate "2017.??.??"]
[EventCountry "CHN"]
[SourceTitle "playchess.com"]
[Source "ChessBase"]
[SourceQuality "1"]

{[%evp 20,55,77,70,76,81,78,0,0,0,0,0,0,0,0,0,0,0,0,0,0,0,0,0,0,0,0,0,0,0,0,0,0,0,0,0,0,0]} 1. e4 e5 2. Nf3 Nc6 3. Nc3 Nf6 4. Bb5 Nd4 5. Bc4 Bc5 6. Nxe5 Qe7 {C48: Four Knights: 4 Bb5, replies other than 4...Bb4} 7. Nf3 d5 8. Bxd5 Bg4 9. d3 O-O-O 10. Be3 Nxd5 11. Nxd5 {LiveBook: 7 Games} Rxd5 12. exd5 {c3 is the strong threat.} Re8 13. c3 (13. O-O $16 Bxf3 14. gxf3) 13... Nxf3+ $11 {The position is equal.} 14. gxf3 {[#]} Qh4 $146 15. Kd2 {[%cal Be1d2,Bd2c1,Bc1b1,Bb1a2][%mdl 32]} ({Don't go for} 15. fxg4 $2 Rxe3+ 16. Kd2 Qxf2+ 17. Kc1 Re2 $19) 15... Rxe3 $1 16. fxe3 Qf2+ 17. Kc1 Bxf3 18. Qe1 Bxe3+ 19. Kb1 Bxh1 20. Qxh1 {[%mdl 4096] [#] Endgame Strongly threatening Qe4. KQR-KQB} Qe2 $1 {[%cal Re2d3]} 21. a4 {Threatens to win with Qe4.} Qxd3+ 22. Ka2 Qc4+ 23. Kb1 Qd3+ 24. Ka2 Qc4+ 25. Kb1 $1 Qd3+ 26. Ka2 Qc4+ 27. Kb1 $1 Qd3+ 28. Ka2 1/2-1/2

[Event "Yingmei Cup CHN-chT 2017"]
[Site "Guangdong"]
[Date "2017.12.03"]
[Round "20"]
[White "Li, Chao b"]
[Black "Zhao, Jun"]
[Result "1/2-1/2"]
[WhiteElo "2739"]
[BlackElo "2601"]
[Annotator "TA"]
[PlyCount "119"]
[EventDate "2017.??.??"]
[EventCountry "CHN"]
[SourceTitle "playchess.com"]
[Source "ChessBase"]
[SourceQuality "1"]

{[%evp 14,119,16,12,35,7,0,0,12,18,35,14,11,0,0,0,2,9,10,10,8,3,11,8,12,0,0,0,0,0,0,0,0,0,0,0,0,0,0,0,0,0,0,0,12,12,12,12,16,13,9,10,149,145,195,170,195,195,195,195,195,195,195,195,195,195,195,195,195,195,195,195,195,195,195,195,195,195,195,195,195,195,469,3631,549,4133,4725,4686,4140,4134,2806,176,29967,29969,29971,29972,29972,29973,29976,29977,29977,29978,29978,29978,29978,29978,29977,29978]} 1. d4 Nf6 2. c4 e6 3. Nf3 d5 4. Nc3 Be7 5. Bf4 O-O 6. e3 b6 7. Qc2 Ba6 {D37: Queen's Gambit Declined: 5 Bf4} (7... Bb7 8. cxd5 Nxd5 9. Nxd5 Qxd5 10. Bd3 h6 11. e4 Qa5+ 12. Bd2 Bb4 13. Rc1 c5 14. dxc5 Nd7 15. c6 Rac8 16. Bxb4 Qxb4+ {½-½ (55) Nepomniachtchi,I (2705)-Nakamura,H (2816) Baku 2015}) 8. Ne5 {LiveBook: 4 Games} Bb7 $146 ({Predecessor:} 8... dxc4 9. Bxc4 Bxc4 10. Nxc4 Nd5 11. Rd1 Nxf4 12. exf4 Bd6 13. O-O Nd7 14. g3 Nf6 15. Ne5 {1-0 (58) Kveinys,A (2512)-Cummings,D (2341) Reykjavik 2012}) 9. Be2 dxc4 {The position is equal.} 10. Bxc4 Nbd7 11. O-O c5 12. Rad1 Qc8 $1 13. Nxd7 Qxd7 14. Be2 cxd4 15. Rxd4 Qc6 {[%csl Gb7][%cal Rc6g2]} 16. Bf3 Qc8 17. Qd1 Rd8 18. Rxd8+ Bxd8 19. Be5 Be7 20. Nb5 Ne8 21. Qe2 a6 {...Bxf3 is the strong threat.} 22. Nc3 Bf6 23. Bxf6 Nxf6 24. Rd1 b5 25. h3 h6 26. a3 Bxf3 27. Qxf3 Ra7 28. Rd6 Rd7 29. Qc6 Qxc6 30. Rxc6 $11 {[%mdl 4096] Endgame KRN-KRN} Rd2 31. Rxa6 {And now b4 would win.} Rxb2 32. Rb6 Nd5 (32... Rb3 $11 33. Nxb5 Ne4) 33. Rxb5 Rd2 34. Rb8+ Kh7 35. Rd8 Rd3 36. Nxd5 {Black must now prevent Nf6+!} exd5 $18 {KR-KR} 37. a4 Rd1+ 38. Kh2 Ra1 {[#]} 39. Ra8 $1 ({Don't play} 39. Rxd5 Rxa4 40. g4 Kg6 $16) 39... d4 40. exd4 Rd1 41. Kg3 Rxd4 42. Kf3 h5 43. a5 Ra4 44. a6 h4 45. Ke3 g6 46. Kd3 Ra2 47. Kc4 Rxf2 $2 (47... Kg7 {was worth a try.} 48. a7 Kf6) 48. Rd8 Ra2 49. Kb5 Rb2+ 50. Kc6 Rc2+ 51. Kb7 Rb2+ 52. Ka8 $2 (52. Kc7 Rc2+ 53. Kb8 Rb2+ 54. Ka8) 52... Rxg2 $2 (52... Kh6 $18 53. Rc8 Rxg2) 53. a7 {White mates.} Rb2 {[#]} 54. Rb8 $1 Ra2 55. Kb7 g5 56. a8=Q Rxa8 57. Rxa8 Kg6 58. Kc6 Kf5 59. Ra4 Ke5 60. Rg4 {[%mdl 32768] Precision: White = 72%, Black = 62%. . An unexpected result.} 1/2-1/2

[Event "Yingmei Cup CHN-chT 2017"]
[Site "Guangdong"]
[Date "2017.12.03"]
[Round "20"]
[White "Vallejo Pons, Francisco"]
[Black "Ma, Zhonghan"]
[Result "1-0"]
[WhiteElo "2707"]
[BlackElo "2473"]
[Annotator "TA"]
[PlyCount "121"]
[EventDate "2017.??.??"]
[EventCountry "CHN"]
[SourceTitle "playchess.com"]
[Source "ChessBase"]
[SourceQuality "1"]

{[%evp 20,121,0,0,28,26,36,14,21,17,36,32,32,32,41,31,39,35,43,41,64,59,65,72,78,40,35,35,60,44,34,32,47,37,38,45,83,106,94,97,92,85,85,85,85,85,85,85,85,85,140,138,139,143,140,126,135,130,180,173,185,168,168,168,192,192,192,193,237,209,209,209,209,209,329,306,718,717,5764,5562,29963,29961,6552,8503,5096,2250,29973,4770,2850,2025,2787,2620,1658,1657,29978,29979,29988,29989,29989,3212,29981,29982,29983,29984]} 1. Nf3 Nf6 2. c4 e6 3. Nc3 Bb4 4. Qc2 O-O 5. a3 Bxc3 6. Qxc3 d6 7. d4 b6 8. g3 Bb7 9. Bg2 Nbd7 10. O-O c5 11. Rd1 Qe7 {E32: Nimzo-Indian: Classical (4 Qc2): 4...0-0} 12. b4 d5 $146 ({Predecessor:} 12... Rfc8 13. Bb2 a6 14. Rac1 a5 15. bxc5 bxc5 16. d5 exd5 17. cxd5 Nb6 18. Nh4 Na4 19. Qc2 Nxb2 20. Qxb2 Rcb8 21. Nf5 Qd8 {1-0 (59) Kuzubov,Y (2578)-Eljanov,P (2716) Helsingor 2008}) 13. bxc5 bxc5 {The position is equal.} 14. Qb2 Nb6 15. cxd5 Bxd5 16. dxc5 Qxc5 17. Be3 Qe7 18. Qb4 Qxb4 19. axb4 Rfc8 20. Bf1 Ne4 21. Ne5 Nc4 22. Bd4 Nxe5 23. Bxe5 Rc2 24. Rdc1 Rxc1 25. Rxc1 f6 26. Bf4 g5 $1 {[%cal Rg5f4]} 27. Be3 a5 {[#]} 28. f3 $1 {[%cal Rf3e4]} Nd6 29. Bc5 Nf7 30. e4 Bb7 31. Bc4 axb4 32. Bxe6 Re8 33. Bb3 {And now Bd4 would win.} Rc8 34. Rc2 Kg7 ({Black should play} 34... g4) 35. Bxb4 $16 Ne5 36. Rxc8 Bxc8 {[%mdl 4096] Endgame KBB-KBN} 37. Kg2 Ba6 38. Bc3 Kg6 39. Kf2 Bc4 40. Ba4 Kf7 41. Bd1 Ba6 42. f4 gxf4 43. gxf4 Nd7 44. Ke3 Bc4 45. Kd4 Ba2 46. Bh5+ Kg7 (46... Ke7 {keeps fighting.} 47. Bb4+ Kd8) 47. Be8 $18 Nf8 $2 {[#]} (47... Nb6 48. Ba5 Nc4) 48. f5 h6 49. Kc5 Bb1 50. Bc6 Nh7 51. h4 Bd3 52. Kd6 Be2 53. Ba4 (53. e5 $142 Bd3 54. Ke7 Bxf5 55. h5 Bg4 56. exf6+ Nxf6 57. Bxf6+ Kh7 58. Be4+ Kg8 59. Bg6) 53... Kf8 54. Bb3 Bf3 55. Bc2 Kf7 56. Bd2 h5 57. Bh6 Nf8 58. Bb3+ Ke8 59. Bd5 (59. e5 $142 Nd7 60. Ba4 fxe5 61. Bxd7+ Kf7 62. Be6+ Kf6 63. Bg5+ Kg7 64. f6+ Kg6 65. f7) 59... Nh7 60. Bg7 Be2 61. Bg8 {Precision: White = 87%, Black = 31%.} 1-0

[Event "Yingmei Cup CHN-chT 2017"]
[Site "Guangdong"]
[Date "2017.12.03"]
[Round "20"]
[White "Andreikin, Dmitry"]
[Black "Wang, Hao"]
[Result "1/2-1/2"]
[WhiteElo "2705"]
[BlackElo "2706"]
[Annotator "TA"]
[PlyCount "74"]
[EventDate "2017.??.??"]
[EventCountry "CHN"]
[SourceTitle "playchess.com"]
[Source "ChessBase"]
[SourceQuality "1"]

{[%evp 11,74,9,20,0,1,1,1,3,3,0,17,8,14,12,29,26,35,14,20,0,0,0,0,0,-4,0,16,-17,-8,-4,-12,-21,-20,-10,-10,-18,-20,-17,-14,-16,-13,-16,-10,-24,-13,-30,0,0,0,0,0,0,0,0,0,0,0,0,0,0,0,0,0,-3,0]} 1. d4 Nf6 2. c4 e6 3. Nf3 d5 4. Bg5 dxc4 5. Qa4+ Nbd7 6. e3 c5 {LiveBook: 3 Games. D30: Queen's Gambit Declined: Systems without Nc3} 7. Nc3 (7. Bxc4 cxd4 8. Nxd4 Bc5 9. Nb3 O-O 10. Be2 h6 11. Bxf6 Qxf6 12. Nc3 Be7 13. O-O Qe5 14. a3 {½-½ (31) Epishin,V (2557)-Bauer,C (2621) Martigny 2016}) 7... cxd4 8. Nxd4 Be7 9. Bxc4 O-O 10. Qc2 Nb6 $146 ({Predecessor:} 10... Ne5 11. Be2 Ng6 12. Bd3 Qa5 13. h4 Rd8 14. Bxg6 fxg6 15. Qb3 Qb4 16. O-O Qxb3 17. Nxb3 b6 {½-½ (17) Nickel,U (1660)-Dettmann,U (1790) Mecklenburg VP 2009}) 11. Bb3 Bd7 12. O-O Rc8 13. Rfd1 Qc7 14. Rac1 Qc5 15. h4 Qa5 16. Qd3 h6 17. Bxf6 Bxf6 18. Qe4 Rc7 19. Nce2 (19. Bc2 {looks sharper.} Rfc8 20. Qh7+ Kf8 21. g3 Qh5 22. Rd2) 19... Qe5 20. Qxe5 Bxe5 21. f4 Rxc1 22. Rxc1 Bf6 23. g3 e5 24. fxe5 Bxe5 25. Kf2 g6 26. Nf4 {[#] aiming for Nxg6.} Kg7 27. Nd3 Bd6 28. e4 Re8 29. e5 {The position is equal.} Bb8 30. e6 fxe6 31. Nc5 {[%cal Rd4e6]} Kf6 32. Kg2 Be5 33. Nxd7+ Nxd7 34. Rf1+ Ke7 35. Nxe6 Bxb2 36. Nf4 Ne5 37. Ne6 Nd7 {Precision: White = 52%, Black = 61%.} 1/2-1/2

[Event "Yingmei Cup CHN-chT 2017"]
[Site "Guangdong"]
[Date "2017.12.03"]
[Round "20"]
[White "Ni, Hua"]
[Black "Wang, Yue"]
[Result "1/2-1/2"]
[WhiteElo "2674"]
[BlackElo "2689"]
[Annotator "TA"]
[PlyCount "60"]
[EventDate "2017.??.??"]
[EventCountry "CHN"]
[SourceTitle "playchess.com"]
[Source "ChessBase"]
[SourceQuality "1"]

{[%evp 26,60,0,6,13,13,22,0,14,23,30,9,52,54,52,48,52,54,55,34,33,29,29,28,28,28,31,28,34,27,27,0,35,0,27,0,29]} 1. e4 e5 2. Nf3 Nf6 3. Nc3 Nc6 4. d4 exd4 5. Nxd4 Bb4 6. Nxc6 bxc6 7. Bd3 O-O 8. O-O d5 9. exd5 cxd5 10. Bg5 c6 11. Qf3 Bd6 12. Bxf6 Qxf6 13. Qxf6 {C47: Scotch Four Knights and Four Knights with 4 g3} gxf6 14. Ne2 {LiveBook: 39 Games} Bd7 (14... Rb8 15. b3 Re8 16. Rad1 Bg4 17. f3 Bf5 18. Bxf5 Rxe2 19. Bd3 Re3 20. Rfe1 Rxe1+ 21. Rxe1 {½-½ (30) Wang,C (2500)-Lysyj,I (2691) China 2015}) 15. Ng3 Rfe8 16. Nf5 $146 ({Predecessor:} 16. Bf5 Be6 17. b3 a5 18. Rad1 a4 19. Bd3 axb3 20. axb3 Ra2 21. c4 Bc5 {½-½ (21) Van der Lende,I (2333)-Bailet,P (2519) Lille 2015}) 16... Bxf5 17. Bxf5 Re7 18. Rfe1 Rae8 19. Rxe7 Rxe7 $14 {[%mdl 4096] Endgame KRB-KRB} 20. Kf1 h6 ({Don't go for} 20... Bxh2 $2 21. g3 $18) 21. Re1 Kf8 22. Rxe7 (22. Rd1 {is more complex.} a5 23. g3 Rb7 24. b3 Bc5 25. c3) 22... Kxe7 {KB-KB} 23. g3 Be5 24. c3 Bc7 25. Ke2 Bb6 26. f4 Bg1 27. Kf1 Be3 28. Ke2 Bg1 29. Kf1 Be3 30. Ke2 Bg1 {Precision: White = 42%, Black = 56%.} 1/2-1/2

[Event "Yingmei Cup CHN-chT 2017"]
[Site "Guangdong"]
[Date "2017.12.03"]
[Round "20"]
[White "Ma, Qun"]
[Black "Xu, Zhihang"]
[Result "1-0"]
[WhiteElo "2636"]
[BlackElo "2376"]
[Annotator "TA"]
[PlyCount "97"]
[EventDate "2017.??.??"]
[EventCountry "CHN"]
[SourceTitle "playchess.com"]
[Source "ChessBase"]
[SourceQuality "1"]

{[%evp 23,97,132,211,210,291,277,376,288,280,253,251,240,247,219,255,260,276,278,284,275,270,269,331,330,314,321,302,295,337,354,329,337,351,343,341,340,339,322,370,356,313,174,276,232,235,222,269,274,277,268,313,300,331,273,446,398,504,520,503,484,565,537,620,604,751,751,736,715,1083,1041,1103,984,2662,1647,12840,12837]} 1. Nf3 Nf6 2. c4 c6 3. d4 d5 4. Nc3 dxc4 5. a4 Bf5 6. Ne5 e6 7. f3 Bb4 8. Nxc4 c5 9. dxc5 Qxd1+ 10. Kxd1 Bxc5 {D17: Slav Defence: 5 a4 Bf5: Lines with 6 Nh4 and 6 Ne5} 11. e4 Bg6 12. Nb5 Na6 {LiveBook: 6 Games} (12... Kd7 $16 {was called for.}) (12... Kd7 13. Ne5+ Kd8 14. Bf4 Nbd7 15. Nd3 a6 16. Nxc5 Nxc5 17. Nd6 Ke7 18. b4 {½-½ (122) Aleksandrov,A (2569)-Lintchevski,D (2553) Minsk 2014}) 13. Nbd6+ $18 Ke7 14. Nxb7 Rac8 $146 ({Predecessor:} 14... Bb4 15. Ne5 Nb8 16. Nd3 Nc6 17. Nxb4 Nxb4 18. Bd2 {1-0 (29) Skomorokhin,R (2373)-Rozkov,N (2428) Nizhnij Novgorod 2007}) 15. Ne5 Nb8 16. Nxc5 Rxc5 17. Nd3 Rd8 18. Be3 Rc7 19. Rc1 Rcd7 20. Rc3 Nxe4 21. fxe4 Bxe4 22. Bc5+ Kf6 23. Kd2 Na6 24. Ba3 Nc7 25. Be2 Nd5 26. Nc5 ({But not} 26. Rf1+ Kg5 $18) 26... Nxc3+ 27. Nxd7+ Rxd7+ 28. Kxc3 Bxg2 29. Rg1 Rc7+ 30. Kd4 e5+ 31. Ke3 Bh3 32. Bg4 (32. Rd1 $142) 32... Rb7 (32... Bxg4 $142 33. Rxg4 Rc2) 33. Kd3 ({Much less strong is} 33. Bxh3 $6 Rb3+ 34. Ke4 Rxh3 $16) 33... Bxg4 34. Rxg4 {[%mdl 4096] Endgame KRB-KR} g5 {[#]} 35. Rc4 $1 Kf5 36. b4 {[%cal Bb2b4,Bb4b5][%mdl 32]} h5 37. b5 g4 38. Bc5 Ke6 $2 {[#]} (38... h4 39. Bf2 h3) 39. Bf2 f5 40. Rc6+ {White is clearly winning.} Kd5 41. Ra6 f4 42. Rxa7 e4+ 43. Ke2 Rb8 {and the idea ...Rc8 leaves Black hopeful.} 44. Rf7 e3 45. Bh4 Rc8 46. Rxf4 Rc2+ 47. Kxe3 Rxh2 48. Rf5+ Kc4 49. b6 {Precision: White = 93%, Black = 26%.} 1-0

[Event "Yingmei Cup CHN-chT 2017"]
[Site "Guangdong"]
[Date "2017.12.03"]
[Round "20"]
[White "Zhou, Weiqi"]
[Black "Liu, Qingnan"]
[Result "1/2-1/2"]
[WhiteElo "2614"]
[BlackElo "2512"]
[Annotator "TA"]
[PlyCount "34"]
[EventDate "2017.??.??"]
[EventCountry "CHN"]
[SourceTitle "playchess.com"]
[Source "ChessBase"]
[SourceQuality "1"]

{[%evp 24,34,16,19,26,25,29,-12,0,0,26,0,0]} 1. d4 d5 2. c4 e6 3. Nf3 Nf6 4. g3 Be7 5. Bg2 O-O 6. O-O dxc4 7. Qc2 a6 8. a4 Bd7 9. Qxc4 Bc6 10. Bg5 Bd5 11. Qc2 Be4 12. Qc1 Nc6 13. e3 {[#] LiveBook: 13 Games. E05: Open Catalan: 5 Nf3 Be7} Rc8 $146 ({Predecessor:} 13... Nb4 14. Nc3 Bc6 15. a5 Nbd5 16. Rd1 Nxc3 17. bxc3 Be4 18. Bxf6 Bxf6 19. Ne1 Bxg2 20. Nxg2 c5 {½-½ (71) Papaioannou,I (2638)-Djukic,N (2553) Reykjavik 2015}) 14. Nbd2 Bg6 15. Nc4 Be4 16. Ncd2 {[#] Bxf6 is the strong threat.} Bg6 17. Nc4 Be4 1/2-1/2

[Event "Yingmei Cup CHN-chT 2017"]
[Site "Guangdong"]
[Date "2017.12.03"]
[Round "20"]
[White "Zhou, Jianchao"]
[Black "Cheparinov, Ivan"]
[Result "1/2-1/2"]
[WhiteElo "2592"]
[BlackElo "2710"]
[Annotator "TA"]
[PlyCount "60"]
[EventDate "2017.??.??"]
[EventCountry "CHN"]
[SourceTitle "playchess.com"]
[Source "ChessBase"]
[SourceQuality "1"]

{[%evp 21,60,0,0,0,0,0,4,0,0,0,0,0,0,0,0,0,0,0,0,0,0,0,0,0,0,0,0,0,0,0,0,0,0,0,0,0,0,0,0,0,0]} 1. d4 d5 2. c4 e6 3. Nc3 c6 4. e3 Nf6 5. Nf3 Nbd7 6. Be2 Bd6 7. O-O O-O 8. a4 Qe7 9. b3 a5 10. Bb2 b6 11. Qc2 Bb7 {LiveBook: 7 Games. The position is equal.} 12. Rac1 {D45: Semi-Slav: 5 e3} (12. e4 dxe4 13. Nxe4 Nxe4 14. Qxe4 f5 15. Qe3 c5 16. Rad1 Rae8 17. Rfe1 Nf6 18. Ne5 Ne4 19. Bf1 Rd8 {0-1 (37) Nikolic,P (2603)-Dreev,A (2644) Berlin 2015}) 12... Rfe8 13. Rfd1 Rad8 14. h3 $146 ({Predecessor:} 14. Bd3 h6 15. Re1 Bb4 16. Re2 dxc4 17. bxc4 c5 18. Ne4 cxd4 19. exd4 Nh5 20. Re3 Rc8 21. Bf1 Nf4 {½-½ (21) Arsovic,G (2423)-Kosic,D (2523) Vrnjacka Banja 1999}) 14... h6 15. Qb1 Bb4 16. Na2 Bd6 17. Nc3 Bb4 18. Na2 Bd6 19. Nc3 Bb4 20. Na2 Bd6 21. Nc3 Bb4 22. Na2 Bd6 23. Nc3 Bb4 24. Na2 Bd6 25. Nc3 Bb4 26. Na2 Bd6 27. Nc3 Bb4 28. Na2 Bd6 29. Nc3 Bb4 30. Na2 Bd6 1/2-1/2